Pro Volleyball Federation Logos - Statistics

General Stats
  • This quiz has been taken 25 times
  • The average score is 6 of 8
Answer Stats
Picture Answer % Correct
Columbus Fury
100%
San Diego Mojo
100%
Indianapolis Ignite
95%
Orlando Valkyries
95%
Omaha Supernovas
75%
Atlanta Vibe
70%
Grand Rapids Rise
55%
Las Vegas Thrill
45%
No matching quizzes found
Score Distribution
Percent of People with Each Score
Percentile by Number Answered
Your Score History
You have not taken this quiz